[Event "XXVII Open Citta' di Cologno"]
[Site "Cologno Monzese ITA"]
[Date "2008.10.28"]
[Round "4"]
[White "Bianchi, Paolo"]
[Black "Moreschi, Mauro"]
[Result "0-1"]
[WhiteElo "1604"]
[BlackElo "1866"]
[PlyCount "88"]
[EventDate "2008.10.17"]

1. d4 b5 2. Nf3 Bb7 3. e3 a6 4. Nbd2 e6 5. Bd3 c5 6. c3 c4 7. Bc2 Nf6 8. e4 d6
9. O-O Nbd7 10. e5 Ng4 11. h3 h5 12. exd6 Bxd6 13. Be4 Bxe4 14. Nxe4 Bc7 15.
Bg5 f6 16. Bh4 Nh6 17. Bg3 Nf5 18. Bxc7 Qxc7 19. Qe2 Kf7 20. Rae1 Rae8 21. Qd2
Rh6 22. a3 g5 23. Re2 g4 24. Nh4 Rhh8 25. Nxf5 exf5 26. Ng3 Rxe2 27. Qxe2 Re8
28. Qd2 Kg6 29. hxg4 hxg4 30. Qc2 Qf4 31. Ne2 Qe4 32. Qxe4 fxe4 33. g3 Nb6 34.
Rb1 e3 35. fxe3 Rxe3 36. Kf2 Rf3+ 37. Kg2 Kf5 38. b3 Ke4 39. a4 Ke3 40. Nf4
Rf2+ 41. Kg1 Kf3 42. Nh5 bxa4 43. bxc4 Nxc4 44. Nxf6 a3 0-1

[Event "XXVII Open Citta' di Cologno"]
[Site "Cologno Monzese ITA"]
[Date "2008.10.28"]
[Round "4"]
[White "Borgni, Fiorenzo"]
[Black "Fornari, Sergio"]
[Result "0-1"]
[WhiteElo "1637"]
[BlackElo "1526"]
[PlyCount "52"]
[EventDate "2008.10.17"]

1. d4 g6 2. e4 Bg7 3. Nf3 d6 4. Bc4 Nf6 5. Nc3 O-O 6. O-O Nbd7 7. Be3 e5 8.
dxe5 Nxe5 9. Nxe5 dxe5 10. Nd5 Nxe4 11. Qf3 Nd6 12. Bb3 e4 13. Qe2 Be6 14. c3
c6 15. Nf4 Bxb3 16. axb3 a6 17. Bc5 Re8 18. Rfd1 Be5 19. Qg4 Qc7 20. h4 Rad8
21. h5 Qc8 22. Qh4 Qf5 23. Be3 g5 24. g4 Qf6 25. Qg3 gxf4 26. Bxf4 Qxf4 0-1

[Event "XXVII Open Citta' di Cologno"]
[Site "Cologno Monzese ITA"]
[Date "2008.10.28"]
[Round "4"]
[White "Delle Fave, Fabio"]
[Black "Borgni, Cristiano"]
[Result "1/2-1/2"]
[WhiteElo "1761"]
[BlackElo "1826"]
[PlyCount "128"]
[EventDate "2008.10.17"]

1. e4 e5 2. Nf3 Nc6 3. Bb5 Bc5 4. d3 a6 5. Ba4 b5 6. Bb3 h6 7. c3 Nf6 8. h3 Rb8
9. Qe2 Qe7 10. Be3 Bb6 11. Nbd2 Na5 12. Bc2 c5 13. Nb3 Nc6 14. Nbd2 d5 15. exd5
Nxd5 16. Nf1 Nf4 17. Bxf4 exf4 18. N1d2 Qxe2+ 19. Kxe2 O-O 20. Rhe1 Re8+ 21.
Kf1 Bf5 22. Rxe8+ Rxe8 23. Re1 Rxe1+ 24. Nxe1 Ne5 25. Ke2 Be6 26. Bb3 c4 27.
dxc4 bxc4 28. Bc2 f5 29. Ndf3 Nc6 30. Ba4 Ne7 31. Nc2 Bd5 32. Nb4 Bb7 33. Bd7
a5 34. Nc2 Bd5 35. Na3 g5 36. Nb5 Kg7 37. Nd6 Kf6 38. Ne8+ Kf7 39. Ne5+ Kf8 40.
f3 h5 41. Bb5 g4 42. hxg4 hxg4 43. Nf6 Kg7 44. Nh5+ Kh6 45. Nxf4 gxf3+ 46. Nxf3
Bf7 47. Nd2 Kg5 48. Nh3+ Kh4 49. Bxc4 Bh5+ 50. Kf1 Kg3 51. Ng1 Kf4 52. Be2 Bf7
53. a3 Nd5 54. Nh3+ Kg3 55. Bf3 Ne3+ 56. Ke2 Nxg2 57. Bxg2 Kxg2 58. Nf4+ Kg3
59. Nd3 Bh5+ 60. Ke1 f4 61. Ne4+ Kf3 62. Nd2+ Kg3 63. Ne4+ Kf3 64. Nd2+ Kg3
1/2-1/2

[Event "XXVII Open Citta' di Cologno"]
[Site "Cologno Monzese ITA"]
[Date "2008.10.28"]
[Round "4"]
[White "Galli, Giuliano"]
[Black "De Angelis, Lorenzo"]
[Result "1/2-1/2"]
[WhiteElo "1445"]
[BlackElo "1505"]
[PlyCount "77"]
[EventDate "2008.10.17"]

1. d4 d5 2. c4 c6 3. Nc3 f5 4. Bf4 e6 5. e3 Nf6 6. Nf3 Bb4 7. a3 Ba5 8. b4 Bc7
9. Bxc7 Qxc7 10. Ne5 O-O 11. Be2 Nbd7 12. Nxd7 Bxd7 13. f4 a5 14. b5 c5 15.
dxc5 Qxc5 16. Qd4 Qxd4 17. exd4 dxc4 18. a4 Nd5 19. Nxd5 exd5 20. O-O Rac8 21.
Bf3 Be6 22. Rfe1 Kf7 23. Rac1 g6 24. Rc3 Rfe8 25. Re5 Rcd8 26. Kf2 Kf8 27. Rce3
Bf7 28. Rxe8+ Rxe8 29. Rxe8+ Kxe8 30. Ke3 Ke7 31. h4 b6 32. g3 Kf6 33. Be2 h6
34. Bf3 g5 35. Be2 Be6 36. Bd1 Kg6 37. Kd2 Bd7 38. Kc3 gxh4 39. gxh4 1/2-1/2

[Event "XXVII Open Citta' di Cologno"]
[Site "Cologno Monzese ITA"]
[Date "2008.10.28"]
[Round "4"]
[White "Montagner, Enzo"]
[Black "Epitome, Nando"]
[Result "0-1"]
[WhiteElo "1441"]
[BlackElo "1470"]
[PlyCount "82"]
[EventDate "2008.10.17"]

1. d4 d5 2. c4 e6 3. Nc3 Nf6 4. Bg5 Be7 5. e3 Nbd7 6. Bd3 a6 7. Nf3 O-O 8. O-O
dxc4 9. Bxc4 b5 10. Bd3 Bb7 11. a3 Rc8 12. e4 c5 13. Bc2 b4 14. axb4 cxb4 15.
Ne2 Qc7 16. Rc1 Qd8 17. Ng3 h6 18. Be3 Nb6 19. b3 Ng4 20. Bd2 Qc7 21. h3 Nf6
22. Be3 Qd8 23. Qd3 Rc3 24. Qe2 Qc7 25. Ne1 Rc8 26. Bd2 Rc6 27. Nf3 Rxc2 28.
Rxc2 Qxc2 29. d5 exd5 30. exd5 Nbxd5 31. Nd4 Qg6 32. Ngf5 Bc5 33. f3 Qxf5 34.
Qf2 Qe5 35. Kh1 Qxd4 36. Qe1 Re8 37. Qc1 Nh5 38. Rd1 Ne3 39. Bxe3 Qxe3 40. Qb1
Ng3+ 41. Kh2 Qf4 0-1

[Event "XXVII Open Citta' di Cologno"]
[Site "Cologno Monzese ITA"]
[Date "2008.10.28"]
[Round "4"]
[White "Nicolo', Filippo"]
[Black "Barberi, Alessandro"]
[Result "0-1"]
[WhiteElo "2094"]
[BlackElo "2156"]
[PlyCount "60"]
[EventDate "2008.10.17"]

1. e4 g6 2. d4 Bg7 3. Nc3 d6 4. Bc4 a6 5. Qf3 e6 6. Nge2 b5 7. e5 c6 8. Bd3
dxe5 9. dxe5 Bxe5 10. a4 b4 11. Ne4 Qe7 12. a5 Bb7 13. Be3 Nd7 14. c3 Bg7 15.
Qg3 e5 16. f4 Nh6 17. fxe5 Bxe5 18. Qh3 Nf5 19. Bg5 f6 20. Bd2 c5 21. N4g3 Nxg3
22. Bxg6+ hxg6 23. Qxh8+ Nf8 24. hxg3 Bxg3+ 25. Kf1 Rd8 26. Bh6 Bxg2+ 27. Kg1
Qxe2 28. Qxf8+ Kd7 29. Qxc5 Bxh1 30. Kxh1 Qh2# 0-1

[Event "XXVII Open Citta' di Cologno"]
[Site "Cologno Monzese ITA"]
[Date "2008.10.31"]
[Round "5"]
[White "Borgni, Cristiano"]
[Black "Petetta, Roberto"]
[Result "1-0"]
[WhiteElo "1826"]
[BlackElo "1656"]
[PlyCount "77"]
[EventDate "2008.10.17"]

1. e4 c5 2. Nf3 d6 3. d4 cxd4 4. Nxd4 Nc6 5. Be3 Nf6 6. Nc3 g6 7. Bc4 Bd7 8.
O-O Bg7 9. f3 O-O 10. Nb3 a6 11. Be2 b5 12. a3 Rc8 13. Na2 Ne5 14. Nd2 Qc7 15.
Rc1 Be6 16. b3 Qb7 17. c4 bxc4 18. Nxc4 Nxc4 19. Rxc4 Bxc4 20. Bxc4 Rxc4 21.
bxc4 Qb2 22. Qd2 Qxa3 23. Nb4 Rc8 24. Nd5 Kf8 25. Nb6 Rc6 26. Rb1 Ke8 27. Bd4
Nh5 28. e5 dxe5 29. Be3 Rd6 30. Nd5 f5 31. Rb7 Bf6 32. c5 Rxd5 33. Rb8+ Kf7 34.
Qxd5+ e6 35. Qd7+ Be7 36. Qe8+ Kf6 37. Qh8+ Kf7 38. Qg8+ Kf6 39. Rf8+ 1-0

[Event "XXVII Open Citta' di Cologno"]
[Site "Cologno Monzese ITA"]
[Date "2008.10.31"]
[Round "5"]
[White "De Angelis, Lorenzo"]
[Black "Delle Fave, Fabio"]
[Result "0-1"]
[WhiteElo "1505"]
[BlackElo "1761"]
[PlyCount "112"]
[EventDate "2008.10.17"]

1. c4 Nf6 2. Nc3 e6 3. g3 c6 4. Bg2 d5 5. cxd5 exd5 6. d4 Bb4 7. Bd2 Bf5 8. Nf3
Nbd7 9. O-O Qb6 10. e3 O-O 11. Qb3 Bd6 12. Qxb6 Nxb6 13. b3 Rfe8 14. Nh4 Bd3
15. Rfe1 Ne4 16. Nxe4 dxe4 17. Bf1 Bxf1 18. Kxf1 g6 19. a4 Nd5 20. Rec1 Rac8
21. Ng2 g5 22. Ne1 f5 23. Ke2 f4 24. exf4 gxf4 25. Nc2 c5 26. dxc5 Rxc5 27.
gxf4 Nxf4+ 28. Bxf4 Bxf4 29. Rg1+ Kf7 30. Nd4 Rd5 31. Rad1 Kf6 32. h3 h6 33.
Nb5 Rxd1 34. Rxd1 a6 35. Nd6 Re7 36. Nc4 Rc7 37. Rd4 Re7 38. Nb6 Kf5 39. Rd5+
Ke6 40. Rd4 Ke5 41. Rd5+ Kf6 42. Rd4 Kg5 43. Nd5 Re6 44. Nxf4 Kxf4 45. Rb4 b6
46. Rc4 h5 47. f3 Re5 48. Kf2 h4 49. Rxe4+ Rxe4 50. fxe4 Kxe4 51. Ke2 a5 52.
Kd2 Kf3 53. Kd3 Kg3 54. Ke3 Kxh3 55. Kf3 Kh2 56. Kf2 h3 0-1

[Event "XXVII Open Citta' di Cologno"]
[Site "Cologno Monzese ITA"]
[Date "2008.10.31"]
[Round "5"]
[White "Epitome, Nando"]
[Black "Bianchi, Paolo"]
[Result "1-0"]
[WhiteElo "1470"]
[BlackElo "1604"]
[PlyCount "77"]
[EventDate "2008.10.17"]

1. d4 Nf6 2. c4 g6 3. Nc3 Bg7 4. Nf3 d5 5. h3 O-O 6. Bf4 c6 7. e3 Qa5 8. Qd2
Nbd7 9. a3 Qd8 10. c5 Ne4 11. Nxe4 dxe4 12. Ng5 Nf6 13. Be5 Qd5 14. Qc2 Be6 15.
Bxf6 Bxf6 16. Nxe4 Bf5 17. Nxf6+ exf6 18. Qd2 Rfe8 19. f3 Qb3 20. Kf2 Rad8 21.
Rc1 Bc8 22. Rc3 Qd5 23. Bc4 Qf5 24. g4 Qd7 25. h4 Kg7 26. h5 h6 27. Rd3 g5 28.
e4 Qc7 29. b4 Be6 30. d5 cxd5 31. exd5 Bc8 32. d6 Qd7 33. Rd5 Qc6 34. b5 Qd7
35. a4 Re5 36. Rd1 Qe8 37. d7 Bxd7 38. Rxd7 Rxd7 39. Qxd7 1-0

[Event "XXVII Open Citta' di Cologno"]
[Site "Cologno Monzese ITA"]
[Date "2008.10.31"]
[Round "5"]
[White "Fornari, Sergio"]
[Black "Montagner, Enzo"]
[Result "0-1"]
[WhiteElo "1526"]
[BlackElo "1441"]
[PlyCount "78"]
[EventDate "2008.10.17"]

1. d4 d5 2. Nf3 c6 3. Bf4 Bf5 4. Nbd2 Nf6 5. h3 h6 6. e3 Nbd7 7. c4 e6 8. Be2
dxc4 9. Bxc4 Nb6 10. O-O Bd6 11. Ne5 O-O 12. Re1 Nfd7 13. Nxc6 bxc6 14. Bxd6
Re8 15. Ba3 Nxc4 16. Nxc4 Nf6 17. Nd6 Ne4 18. Nxe8 Qxe8 19. Rc1 Rc8 20. Kh2 Qd8
21. Re2 Qc7+ 22. f4 h5 23. Rec2 Qd8 24. Qxh5 Nf6 25. Qg5 Bxc2 26. Rxc2 Qd7 27.
Qe5 Qb7 28. g4 Rd8 29. e4 Qa6 30. Be7 Qd3 31. Bxd8 Qxc2+ 32. Kg3 Qd3+ 33. Kh4
Nxe4 34. f5 Qe3 35. fxe6 Qf2+ 36. Kh5 Ng3+ 37. Kg5 f6+ 38. Bxf6 gxf6+ 39. Qxf6
Ne4+ 0-1

[Event "XXVII Open Citta' di Cologno"]
[Site "Cologno Monzese ITA"]
[Date "2008.10.31"]
[Round "5"]
[White "Nicolo', Filippo"]
[Black "Galli, Giuliano"]
[Result "1-0"]
[WhiteElo "2094"]
[BlackElo "1445"]
[PlyCount "141"]
[EventDate "2008.10.17"]

1. e4 e5 2. Nc3 Nf6 3. f4 Nc6 4. fxe5 Nxe5 5. d4 Ng6 6. e5 Ng8 7. Bc4 Bb4 8.
Nf3 d5 9. exd6 cxd6 10. O-O Bxc3 11. bxc3 d5 12. Bd3 N8e7 13. Ba3 O-O 14. Qe2
h6 15. Bxg6 Nxg6 16. Bxf8 Qxf8 17. Ne5 Nxe5 18. Qxe5 Qd8 19. Rab1 b6 20. Rf3
Ba6 21. Re1 Bb5 22. Rg3 f6 23. Qh5 Kh8 24. Qf7 Qg8 25. Re7 Qxf7 26. Rxf7 Rg8
27. Rxa7 Bc4 28. Re3 b5 29. h4 Rf8 30. Ree7 Rg8 31. g4 Kh7 32. h5 Kh8 33. Kg2
Kh7 34. Kg3 Kh8 35. Kf4 Bf1 36. Kf5 Bg2 37. Kg6 Be4+ 38. Rxe4 dxe4 39. Re7 e3
40. Rxe3 Rf8 41. Re7 f5 42. Rxg7 f4 43. Rh7+ Kg8 44. Re7 f3 45. Re1 Rf4 46. Rf1
Rxg4+ 47. Kf6 Rg3 48. Ke5 Rh3 49. Ke4 Rxh5 50. Rxf3 Rh2 51. Kd3 Rh5 52. c4
bxc4+ 53. Kxc4 Ra5 54. Kb3 Rd5 55. Rf4 Rg5 56. c4 Rg3+ 57. Kb4 h5 58. d5 Rg4
59. Rf5 h4 60. d6 Rd4 61. Kc5 Rd2 62. Rh5 Rxa2 63. Rxh4 Kf8 64. Re4 Ra8 65. d7
Kf7 66. Kc6 Rh8 67. c5 Ra8 68. Kb7 Rh8 69. Re8 Rxe8 70. dxe8=Q+ Kxe8 71. c6 1-0

[Event "XXVII Open Citta' di Cologno"]
[Site "Cologno Monzese ITA"]
[Date "2008.11.04"]
[Round "6"]
[White "Barberi, Alessandro"]
[Black "Moreschi, Mauro"]
[Result "1-0"]
[WhiteElo "2156"]
[BlackElo "1866"]
[PlyCount "97"]
[EventDate "2008.10.17"]

1. d4 d6 2. g3 e5 3. dxe5 dxe5 4. Qxd8+ Kxd8 5. Bg2 c6 6. f4 Bd6 7. fxe5 Bxe5
8. Nf3 Nd7 9. Na3 f6 10. Nc4 Kc7 11. Bd2 Ne7 12. O-O Bd6 13. Nxd6 Kxd6 14. Bb4+
Ke6 15. Bh3+ Kf7 16. Ng5+ Ke8 17. Ne6 Nd5 18. Bd2 Rg8 19. e4 N5b6 20. Nc7+ Kd8
21. Nxa8 Nxa8 22. Bc3 Nab6 23. Rad1 Kc7 24. b3 Re8 25. Rfe1 Ne5 26. Bg2 Bg4 27.
Rd2 Nbd7 28. Kf2 b6 29. h3 Bh5 30. g4 Bf7 31. Kg3 Be6 32. Bd4 h6 33. Be3 c5 34.
Bf4 Kc8 35. Bf1 Re7 36. Bb5 c4 37. Ba6+ Kd8 38. Bxe5 fxe5 39. Bb5 cxb3 40. cxb3
Kc7 41. Rc1+ Kb8 42. Bxd7 Bxd7 43. Kf3 Kb7 44. Ke3 a6 45. Rg1 h5 46. gxh5 Bxh3
47. Rg3 Bf1 48. Rf2 Bb5 49. Rfg2 1-0

[Event "XXVII Open Citta' di Cologno"]
[Site "Cologno Monzese ITA"]
[Date "2008.11.04"]
[Round "6"]
[White "Borgni, Cristiano"]
[Black "Epitome, Nando"]
[Result "0-1"]
[WhiteElo "1826"]
[BlackElo "1470"]
[PlyCount "86"]
[EventDate "2008.10.17"]

1. e4 c5 2. Nf3 d6 3. d4 cxd4 4. Nxd4 Nf6 5. Nc3 a6 6. a4 e6 7. Bd3 Be7 8. O-O
O-O 9. Be3 Nbd7 10. a5 Qc7 11. Nb3 b5 12. axb6 Nxb6 13. Qe2 Qb7 14. Na5 Qc7 15.
Nb3 Qb7 16. f4 Nbd7 17. Ra2 Nc5 18. Nxc5 dxc5 19. Rfa1 a5 20. e5 Nd5 21. Nxd5
exd5 22. c4 d4 23. Bd2 Bd7 24. Be4 Bc6 25. Bxc6 Qxc6 26. Rxa5 Rab8 27. Ra7 Rfe8
28. R1a6 Qc8 29. Bc1 Bf8 30. Qe4 Qg4 31. Qd3 g6 32. g3 Rb4 33. b3 Reb8 34. Ra3
h5 35. Ra8 Rxb3 36. Rxb3 Rxa8 37. Ba3 h4 38. Kg2 h3+ 39. Kf2 Qe6 40. g4 Qxg4
41. Qxh3 Qxf4+ 42. Rf3 Rxa3 43. Rxf4 Rxh3 0-1

[Event "XXVII Open Citta' di Cologno"]
[Site "Cologno Monzese ITA"]
[Date "2008.11.04"]
[Round "6"]
[White "Borgni, Fiorenzo"]
[Black "Galli, Giuliano"]
[Result "1/2-1/2"]
[WhiteElo "1637"]
[BlackElo "1445"]
[PlyCount "78"]
[EventDate "2008.10.17"]

1. d4 Nf6 2. c4 e6 3. Nc3 d5 4. Bf4 Bd6 5. Bxd6 Qxd6 6. c5 Qd8 7. Nf3 O-O 8. e3
c6 9. Bd3 Nbd7 10. Qc2 h6 11. O-O Re8 12. Rfe1 e5 13. dxe5 Nxe5 14. Nxe5 Rxe5
15. Rad1 Qc7 16. b4 Bd7 17. h3 Rae8 18. a4 a6 19. Ne2 Qc8 20. Nd4 Ne4 21. Nf3
R5e7 22. Nd2 Nxd2 23. Qxd2 Bf5 24. Be2 Qe6 25. Qc3 Qe5 26. Rd4 Qf6 27. Qd2 Re4
28. Rxe4 Rxe4 29. Bd3 Re8 30. Bxf5 Qxf5 31. Qd4 Qe4 32. Qxe4 Rxe4 33. Rb1 f5
34. Kf1 f4 35. Rb3 fxe3 36. fxe3 d4 37. Ke2 dxe3 38. Rxe3 Rxe3+ 39. Kxe3 Kf7
1/2-1/2

[Event "XXVII Open Citta' di Cologno"]
[Site "Cologno Monzese ITA"]
[Date "2008.11.04"]
[Round "6"]
[White "Delle Fave, Fabio"]
[Black "Nicolo', Filippo"]
[Result "0-1"]
[WhiteElo "1761"]
[BlackElo "2094"]
[PlyCount "61"]
[EventDate "2008.10.17"]

1. e4 g6 2. d4 d6 3. c4 Bg7 4. Be3 a6 5. Nc3 Nf6 6. f3 c6 7. Bd3 b5 8. b3 Nbd7
9. Qd2 e5 10. d5 cxd5 11. Nxd5 Nxd5 12. cxd5 O-O 13. Rc1 f5 14. Bg5 Nf6 15. Qc2
h6 16. Bd2 fxe4 17. Bxe4 Bb7 18. Bxg6 Nxd5 19. Be4 Qb6 20. Qd3 Nf4 21. Bxf4
exf4 22. Bxb7 Qxb7 23. Ne2 Qb6 24. Rf1 Rae8 25. Kd2 Qa5+ 26. Nc3 Re3 27. Qd5+
Kh8 28. Qc6 Qb4 29. Rfd1 Qd4+ 30. Kc2 Rxc3+ 31. Qxc3 0-1

[Event "XXVII Open Citta' di Cologno"]
[Site "Cologno Monzese ITA"]
[Date "2008.11.04"]
[Round "6"]
[White "Petetta, Roberto"]
[Black "De Angelis, Lorenzo"]
[Result "1-0"]
[WhiteElo "1656"]
[BlackElo "1505"]
[PlyCount "73"]
[EventDate "2008.10.17"]

1. e4 e5 2. f4 d5 3. exd5 Qxd5 4. Nc3 Qe6 5. fxe5 Qxe5+ 6. Qe2 Qxe2+ 7. Bxe2
Bf5 8. d3 Nc6 9. Bd2 Nf6 10. Nf3 Bc5 11. O-O-O O-O-O 12. h3 Nd5 13. Ng5 Bg6 14.
Bf3 Nxc3 15. Bxc3 Be3+ 16. Bd2 Bxd2+ 17. Rxd2 h6 18. Bxc6 hxg5 19. Bf3 c6 20.
Re1 Rhe8 21. Rde2 Rxe2 22. Rxe2 Kd7 23. Re5 f6 24. Bg4+ Kd6 25. Re6+ Kc5 26.
Re7 f5 27. Bf3 Kb6 28. Rxg7 Rd6 29. Re7 Rf6 30. a3 a5 31. Kd2 Ka6 32. d4 f4 33.
c3 b5 34. b4 Kb6 35. Re5 axb4 36. axb4 Rf5 37. Re6 1-0

[Event "XXX Festival A"]
[Site "Arco ITA"]
[Date "2008.10.18"]
[Round "1"]
[White "Ager, Josef"]
[Black "Cottarelli, Franco"]
[Result "1-0"]
[WhiteElo "2231"]
[BlackElo "1899"]
[PlyCount "77"]
[EventDate "2008.10.18"]

1. Nf3 f5 2. g3 Nf6 3. Bg2 d6 4. d4 g6 5. O-O Bg7 6. c3 O-O 7. Qb3+ e6 8. Ne1
c6 9. Nd2 Nbd7 10. Qxe6+ Kh8 11. Qb3 Qe7 12. e3 d5 13. Nd3 a5 14. Rd1 Ne4 15.
c4 a4 16. Qc2 dxc4 17. Nxc4 Re8 18. Rb1 h6 19. d5 Kh7 20. dxc6 bxc6 21. Bd2 Ba6
22. Be1 Bb5 23. Nf4 Ndf6 24. b3 Qc5 25. Rbc1 axb3 26. axb3 Qa7 27. Nd6 Nxd6 28.
Rxd6 Ne4 29. Rxg6 Rad8 30. h4 Qd7 31. h5 Nf6 32. Bxc6 Bxc6 33. Qxc6 Qxc6 34.
Rxc6 Rd1 35. Kf1 Nd7 36. Rc7 Re7 37. Ke2 Rb1 38. Rd6 Rb2+ 39. Kf1 1-0

[Event "XXX Festival A"]
[Site "Arco ITA"]
[Date "2008.10.18"]
[Round "1"]
[White "Antoniacci, Riccardo"]
[Black "Lapiccirella, Daniele"]
[Result "0-1"]
[WhiteElo "1893"]
[BlackElo "2179"]
[PlyCount "76"]
[EventDate "2008.10.18"]

1. e4 c5 2. Nf3 e6 3. d3 d5 4. Nbd2 Nc6 5. g3 Nf6 6. Bg2 Be7 7. O-O O-O 8. e5
Nd7 9. Re1 Qc7 10. Qe2 b5 11. Nf1 a5 12. Bf4 Nd4 13. Qd2 Bb7 14. h4 Rfc8 15.
N1h2 Nxf3+ 16. Nxf3 c4 17. Bg5 Bf8 18. h5 c3 19. bxc3 Qxc3 20. Qxc3 Rxc3 21.
Nd4 b4 22. Bd2 Rc7 23. Rac1 Rac8 24. Bf3 Ba6 25. Kg2 Bc5 26. Nb3 Bb6 27. Na1
Bd4 28. Nb3 Bb2 29. Rb1 Rxc2 30. Bd1 Rxd2 31. Nxd2 Bc3 32. Rc1 Bxd2 33. Rxc8+
Bxc8 34. Re2 Bc3 35. f4 Ba6 36. Bc2 Nc5 37. Re3 d4 38. Re2 Nxd3 0-1

[Event "XXX Festival A"]
[Site "Arco ITA"]
[Date "2008.10.18"]
[Round "1"]
[White "Arakhamia-Grant, Ketevan"]
[Black "Bondielli, Giorgio"]
[Result "1-0"]
[WhiteElo "2448"]
[BlackElo "1954"]
[PlyCount "45"]
[EventDate "2008.10.18"]

1. e4 e5 2. Nf3 Nf6 3. Nxe5 d6 4. Nf3 Nxe4 5. Nc3 Nxc3 6. dxc3 Be6 7. Be3 Be7
8. Qd2 Nc6 9. O-O-O Qd7 10. Kb1 a6 11. h4 h6 12. Nd4 Nxd4 13. Bxd4 f6 14. Re1
c5 15. Be3 Kf7 16. h5 b5 17. Bd3 Bf5 18. g4 Bxd3 19. Qxd3 Rad8 20. Qd5+ Kf8 21.
Bf4 Qe8 22. Re3 Rd7 23. Rhe1 1-0

[Event "XXX Festival A"]
[Site "Arco ITA"]
[Date "2008.10.18"]
[Round "1"]
[White "Barlocco, Carlo"]
[Black "Moratto, Davide"]
[Result "1-0"]
[WhiteElo "2144"]
[BlackElo "1860"]
[PlyCount "105"]
[EventDate "2008.10.18"]

1. d4 Nf6 2. Nf3 d6 3. Nc3 g6 4. e4 Bg4 5. h3 Bxf3 6. Qxf3 c6 7. Be3 Bg7 8. Bc4
O-O 9. O-O h5 10. Rad1 Ne8 11. Bb3 b5 12. e5 b4 13. Ne4 d5 14. Ng5 e6 15. Qe2
Nd7 16. f4 a5 17. c3 Qe7 18. cxb4 a4 19. Bc2 Qxb4 20. b3 a3 21. Rc1 Nc7 22. Bb1
Nb5 23. Rfd1 Rfc8 24. Nf3 Rc7 25. Ne1 Rac8 26. Nd3 Qa5 27. g4 hxg4 28. hxg4 f5
29. gxf5 exf5 30. Kf2 Nc3 31. Rxc3 Qxc3 32. Rc1 Qa5 33. Rg1 Nf8 34. Bd2 Qa7 35.
Nc5 Re8 36. Bb4 Qb8 37. Na6 Qc8 38. Nxc7 Qxc7 39. Bxf8 Kxf8 40. Rxg6 c5 41. Qh5
cxd4 42. Qxf5+ Kg8 43. Qg4 Rf8 44. Bf5 Rf7 45. Be6 Qc2+ 46. Kg3 Qc3+ 47. Kh2
Qd2+ 48. Kh3 Qe3+ 49. Qg3 Kf8 50. Bxf7 Kxf7 51. Rxg7+ Ke8 52. Qxe3 dxe3 53. Kg3
1-0

[Event "XXX Festival A"]
[Site "Arco ITA"]
[Date "2008.10.18"]
[Round "1"]
[White "Battiston, Claudio"]
[Black "Vanzan, Alessandro"]
[Result "1-0"]
[WhiteElo "2027"]
[BlackElo "1805"]
[PlyCount "27"]
[EventDate "2008.10.18"]

1. e4 c5 2. c3 Nc6 3. d4 cxd4 4. cxd4 d6 5. Nf3 Bg4 6. Be2 Bxf3 7. Bxf3 Rc8 8.
O-O Nf6 9. Nc3 g6 10. Be3 b6 11. d5 Ne5 12. Be2 Bg7 13. Qa4+ Qd7 14. Bb5 1-0

[Event "XXX Festival A"]
[Site "Arco ITA"]
[Date "2008.10.18"]
[Round "1"]
[White "Bernardi, Ruben"]
[Black "Salati, Paolo"]
[Result "1-0"]
[WhiteElo "2154"]
[BlackElo "1866"]
[PlyCount "57"]
[EventDate "2008.10.18"]

1. e4 Nf6 2. Nc3 d5 3. e5 d4 4. exf6 dxc3 5. fxg7 cxd2+ 6. Bxd2 Bxg7 7. Qf3 Nc6
8. c3 e6 9. Qg3 Be5 10. f4 Bf6 11. Nf3 Qe7 12. Qf2 Bd7 13. Be3 b6 14. Ba6 Rd8
15. O-O Nb8 16. Be2 Rg8 17. Ne5 Bxe5 18. fxe5 Bc6 19. g3 Nd7 20. Qf4 Nf8 21.
Rad1 Rxd1 22. Rxd1 Ng6 23. Qh6 Nf8 24. Bh5 Be4 25. Qf4 Bc6 26. Qc4 Ba8 27. Qa6
Nd7 28. Qc8+ Qd8 29. Bxf7+ 1-0

[Event "XXX Festival A"]
[Site "Arco ITA"]
[Date "2008.10.18"]
[Round "1"]
[White "Bertani, Gianfranco"]
[Black "Zordan, Diego"]
[Result "1-0"]
[WhiteElo "2106"]
[BlackElo "1846"]
[PlyCount "51"]
[EventDate "2008.10.18"]

1. Nf3 d5 2. b3 c5 3. Bb2 Nc6 4. e3 Bg4 5. Be2 e6 6. h3 Bh5 7. Ne5 Bxe2 8. Qxe2
a6 9. Nxc6 bxc6 10. d3 Nf6 11. O-O Bd6 12. f4 a5 13. a4 Rb8 14. Nd2 Qe7 15. Nf3
O-O 16. Ne5 Bxe5 17. Bxe5 Rbd8 18. Bc3 Ra8 19. Qe1 Qc7 20. Rf3 Nd7 21. Qg3 f6
22. Qg4 e5 23. Rg3 g6 24. f5 Kg7 25. fxg6 hxg6 26. Qxg6+ 1-0

[Event "XXX Festival A"]
[Site "Arco ITA"]
[Date "2008.10.18"]
[Round "1"]
[White "Blasco, Domenico"]
[Black "Acunzo, Domenico"]
[Result "1-0"]
[WhiteElo "2022"]
[BlackElo "1797"]
[PlyCount "65"]
[EventDate "2008.10.18"]

1. d4 e6 2. Nf3 f5 3. e3 Nf6 4. Bd3 d5 5. O-O Bd6 6. b3 Qe7 7. Bb2 c6 8. Nbd2
O-O 9. Ne5 Nbd7 10. c4 Ne4 11. f3 Ng5 12. f4 Ne4 13. Ndf3 Rf6 14. Bxe4 dxe4 15.
Nxd7 Bxd7 16. Ne5 Rh6 17. Nxd7 Qxd7 18. g3 Qe7 19. Qd2 Rg6 20. Kh1 Kf7 21. Qe2
Rh6 22. d5 cxd5 23. cxd5 exd5 24. Rad1 g5 25. fxg5 Qxg5 26. Rxd5 Qxg3 27.
Rdxf5+ Ke8 28. R1f2 Qg6 29. Qb5+ Kd8 30. Bf6+ Kc8 31. Qc4+ Kd7 32. Rg5 Bxh2 33.
Rxg6 1-0

[Event "XXX Festival A"]
[Site "Arco ITA"]
[Date "2008.10.18"]
[Round "1"]
[White "Bonini, Roberto"]
[Black "Diotallevi, Maurizio"]
[Result "0-1"]
[WhiteElo "1843"]
[BlackElo "2101"]
[PlyCount "168"]
[EventDate "2008.10.18"]

1. e4 e6 2. d4 d5 3. exd5 exd5 4. Bf4 Bf5 5. Bd3 Bxd3 6. Qxd3 Nc6 7. c3 Nge7 8.
Ne2 Qd7 9. Nd2 Ng6 10. Bg3 Be7 11. O-O O-O 12. f4 f5 13. Nf3 a6 14. Rad1 Bd6
15. Ne5 Qe8 16. Kh1 Bxe5 17. fxe5 Qe6 18. Bf4 Nd8 19. Qg3 Qd7 20. Ng1 Ne6 21.
Nh3 Rae8 22. Rf2 Rf7 23. Rdf1 Ref8 24. Ng5 Nxg5 25. Qxg5 Qe6 26. Rf3 Ne7 27.
Rg3 Kh8 28. Rh3 Ng8 29. Qh5 h6 30. Rg3 Kh7 31. Rh3 c6 32. Kg1 Ne7 33. Kh1 Qg6
34. Qf3 Kg8 35. Rg3 Qe6 36. Qh5 Kh7 37. Kg1 Nc8 38. Rh3 Nb6 39. Rhf3 Na8 40.
Bc1 Nc7 41. g4 Qg6 42. Qxg6+ Kxg6 43. gxf5+ Rxf5 44. Rg3+ Kh7 45. Rxf5 Rxf5 46.
Kg2 Ne6 47. Bd2 c5 48. Be3 c4 49. Bc1 Rf7 50. Be3 b5 51. a3 a5 52. Bc1 Rb7 53.
Rf3 Kg6 54. Rg3+ Kf7 55. Rf3+ Ke7 56. h4 b4 57. axb4 axb4 58. h5 b3 59. Kg3 Rb8
60. Kg4 Ra8 61. Be3 Ra1 62. Rf2 Rh1 63. Bd2 Nf8 64. Be3 Nd7 65. Bd2 Ke6 66. Be3
Rb1 67. Bf4 Nb6 68. Bxh6 Nd7 69. Bxg7 Rg1+ 70. Kf4 Rxg7 71. h6 Rf7+ 72. Kg3 Rh7
73. Rh2 Kf5 74. Kf3 Nf8 75. Ke3 Ne6 76. Rf2+ Kg5 77. Rf6 Rxh6 78. Rf7 Rh3+ 79.
Kd2 Rh2+ 80. Ke3 Rh3+ 81. Kd2 Nf4 82. Rf8 Kg4 83. Rf6 Rh2+ 84. Ke3 Re2# 0-1

[Event "XXX Festival A"]
[Site "Arco ITA"]
[Date "2008.10.18"]
[Round "1"]
[White "Buck, Klaus-Michael"]
[Black "Spornberger, Maximilian"]
[Result "0-1"]
[WhiteElo "1804"]
[BlackElo "2023"]
[PlyCount "62"]
[EventDate "2008.10.18"]

1. b4 e5 2. a3 Nf6 3. Bb2 d6 4. e3 Nbd7 5. Nf3 g6 6. c4 Bg7 7. Qc2 O-O 8. Be2
Re8 9. e4 a5 10. b5 Nc5 11. d3 Nh5 12. Bc1 Nf4 13. Bf1 Qf6 14. Be3 Ncxd3+ 15.
Bxd3 Nxg2+ 16. Ke2 Bg4 17. Nbd2 Nh4 18. Rhg1 Bxf3+ 19. Ke1 Ng2+ 20. Rxg2 Bxg2
21. Ke2 Qh4 22. Qc1 Qxh2 23. Qg1 Qxg1 24. Rxg1 Bh3 25. Rg3 Be6 26. a4 c6 27. b6
d5 28. cxd5 cxd5 29. exd5 Bxd5 30. Be4 Bxe4 31. Nxe4 f5 0-1

[Event "XXX Festival A"]
[Site "Arco ITA"]
[Date "2008.10.18"]
[Round "1"]
[White "Buglisi, Massimo"]
[Black "Sigmund, Ingenuin"]
[Result "1-0"]
[WhiteElo "1969"]
[BlackElo "1676"]
[PlyCount "77"]
[EventDate "2008.10.18"]

1. d4 Nf6 2. c4 e6 3. Nc3 Bb4 4. f3 Bxc3+ 5. bxc3 d6 6. e4 h6 7. Bd3 O-O 8. Ne2
e5 9. O-O c5 10. d5 Nh7 11. Ng3 Na6 12. f4 Bd7 13. fxe5 dxe5 14. Nf5 Bxf5 15.
Rxf5 Qd6 16. Qg4 Nf6 17. Qg3 Nd7 18. Be3 Kh7 19. Raf1 Qg6 20. Qf2 Kg8 21. Be2
f6 22. Bh5 Qh7 23. Qg3 g5 24. Qg4 Nc7 25. R5f3 Qe7 26. Bg6 Ne8 27. Bf5 Rd8 28.
Rh3 Ng7 29. Rxh6 Nxf5 30. Qxf5 Rf7 31. Rf3 Rh7 32. Rg6+ Rg7 33. Rh6 Rh7 34.
Rfh3 Rxh6 35. Rxh6 Qf7 36. Rg6+ Kf8 37. Bxc5+ Ke8 38. Be3 Rc8 39. Rh6 1-0